日本の全鉄道路線の起終点駅(大手私鉄編) - Statistics

General Stats
  • This quiz has been taken 177 times
  • The average score is 186 of 286
Answer Stats
% Correct
小田急 小田原線 新宿
90%
京王 京王線 新宿
90%
小田原
87%
井の頭線 渋谷
87%
西武 池袋線 池袋
87%
東急 東横線 渋谷
87%
田園都市線 渋谷
87%
渋谷
87%
丸ノ内線 池袋
87%
半蔵門線 渋谷
87%
渋谷
87%
東上本線 池袋
87%
目黒線 目黒
85%
南北線 目黒
85%
成田空港
84%
成田空港
84%
押上線 押上
84%
相鉄 相鉄本線 横浜
84%
新横浜
84%
横浜
84%
東急新横浜線 新横浜
84%
押上
84%
京王八王子
83%
京成 本線 京成上野
83%
西武秩父
83%
東京メトロ 銀座線 浅草
83%
東西線 中野
83%
東武 伊勢崎線 浅草
83%
多摩湖線 国分寺
82%
国分寺線 国分寺
82%
荻窪
82%
高尾山口
81%
京急 本線 泉岳寺
81%
豊島園
81%
大井町線 大井町
81%
方南町
81%
日比谷線 北千住
81%
西船橋
81%
亀戸
81%
京成金町
80%
空港線 京急蒲田
80%
海老名
80%
小竹向原
80%
新宿線 西武新宿
80%
拝島
80%
有楽町線 和光市
80%
副都心線 小竹向原
80%
片瀬江ノ島
79%
橋本
79%
逗子・葉山
79%
代々木上原
79%
新木場
79%
赤羽岩淵
79%
東武日光
79%
江ノ島線 相模大野
78%
松戸
78%
蒲田
78%
蒲田
78%
中目黒
78%
千代田線 北綾瀬
78%
伊勢崎
78%
東武宇都宮
78%
相模原線 調布
77%
東成田
77%
西武園
77%
唐木田
76%
大師線 京急川崎
76%
三崎口
76%
湘南台
76%
西武有楽町線 練馬
76%
豊島線 練馬
76%
多摩湖
76%
山口線 多摩湖
76%
京都線 京都
76%
多摩線 新百合ヶ丘
75%
吉祥寺
75%
成田空港線 京成高砂
75%
金町線 京成高砂
75%
浦賀
75%
西武球場前
75%
本川越
75%
西武球場前
75%
中央林間
75%
東急多摩川線 多摩川
75%
こどもの国
75%
丸ノ内線(分岐線) 中野坂上
75%
野田線 大宮
75%
船橋
75%
日吉
74%
日吉
74%
寄居
74%
名鉄 名古屋本線 豊橋
74%
高尾線 北野
73%
ちはら台
73%
東成田線 京成成田
73%
相鉄新横浜線 西谷
73%
大師線 西新井
73%
大師前
73%
越生
73%
名鉄岐阜
73%
名鉄岐阜
73%
阪急 神戸本線 大阪梅田
73%
宝塚本線 大阪梅田
73%
阪神 本線 大阪梅田
73%
多摩動物公園
72%
青砥
72%
千葉線 京成津田沼
72%
松戸線 京成津田沼
72%
相鉄いずみ野線 二俣川
72%
吾野
72%
西武秩父線 吾野
72%
こどもの国線 長津田
72%
近鉄 難波線 大阪難波
72%
近鉄奈良
72%
天理
72%
大阪難波
72%
羽田空港第1・第2ターミナル
72%
競馬場線 東府中
71%
近鉄名古屋
71%
池上線 五反田
70%
世田谷線 三軒茶屋
70%
生駒
70%
中之島線 中之島
70%
宇治
70%
南海 南海本線 難波
70%
動物園線 高幡不動
69%
逗子線 金沢八景
69%
鬼怒川線 下今市
69%
蒲郡
69%
中部国際空港
69%
広見線 犬山
69%
犬山
69%
大阪上本町
69%
大阪線 大阪上本町
69%
多摩川線 武蔵境
68%
是政
68%
下高井戸
68%
鳥羽
68%
志摩線 鳥羽
68%
伊丹
68%
狭山線 西所沢
67%
亀戸線 曳舟
67%
桐生線 太田
67%
小泉線2 太田
67%
橿原神宮前
67%
橿原神宮前
67%
吉野線 橿原神宮前
67%
関西空港
67%
神戸三宮
67%
神戸三宮
67%
京都河原町
67%
府中競馬正門前
66%
東村山
66%
西武園線 東村山
66%
溝の口
66%
日光線 東武動物公園
66%
大和西大寺
66%
橿原線 大和西大寺
66%
吉野
66%
今津線 宝塚
66%
宝塚
66%
武庫川線 武庫川
66%
大牟田
66%
京阪 京阪本線 淀屋橋
65%
出町柳
65%
和歌山市
65%
和歌山港線 和歌山市
65%
嵐山
65%
貝塚線 貝塚
65%
千葉中央
63%
千原線 千葉中央
63%
小島新田
63%
常滑
63%
空港線 常滑
63%
新羽島
63%
南大阪線 大阪阿部野橋
63%
太宰府
63%
甘木
63%
津島
62%
伊勢中川
62%
名古屋線 伊勢中川
62%
山田線 伊勢中川
62%
賢島
62%
和歌山港
62%
今津
62%
拝島線 小平
61%
新藤原
61%
箕面
61%
阪神なんば線 尼崎
61%
西小泉
60%
河内長野
60%
三条
60%
鴨東線 三条
60%
京都本線 十三
60%
越生線 坂戸
59%
豊川稲荷
59%
河和
59%
学研奈良登美ヶ丘
59%
宇治山田
59%
鳥羽線 宇治山田
59%
道明寺線 道明寺
59%
久里浜線 堀ノ内
57%
東小泉
57%
宇都宮線 新栃木
57%
奈良線 布施
57%
加太
57%
三河線 猿投
56%
小牧線 上飯田
56%
湯の山温泉
56%
高師浜
56%
北千里
56%
嵐山線
56%
常滑線 神宮前
55%
新鵜沼
55%
各務原線 新鵜沼
55%
多奈川
55%
神戸高速線 新開地
55%
生駒線 王寺
54%
けいはんな線 長田
54%
交野線 枚方市
54%
びわ湖浜大津
54%
佐野線 館林
53%
小泉線1 館林
53%
豊川線 国府
53%
吉良吉田
53%
蒲郡線 吉良吉田
53%
田原本線 新王寺
53%
瀬戸線 栄町
52%
西田原本
52%
湯の山線 近鉄四日市
52%
宇治線 中書島
52%
甲陽園
52%
千里線 天神橋筋六丁目
52%
葛生
51%
京津線 御陵
51%
太宰府線 西鉄二日市
51%
赤城
50%
尾西線 弥富
50%
天満橋
50%
信貴山口
49%
近鉄御所
49%
私市
49%
空港線 泉佐野
49%
東名古屋港
48%
河和線 太田川
48%
内海
48%
尾張瀬戸
48%
御嵩
48%
箕面線 石橋阪大前
48%
碧南
47%
柏原
47%
泉北線 中百舌鳥
47%
和泉中央
47%
西尾線 新安城
46%
豊田線 赤池
46%
石山坂本線 石山寺
45%
極楽橋
45%
伊丹線 塚口
45%
元町
45%
元町
45%
竹鼻線 笠松
44%
長野線 古市
44%
西鉄 天神大牟田線 西鉄福岡(天神)
44%
築港線 大江
43%
津島線 須ケ口
43%
甲陽線 夙川
43%
神戸高速線 西代
43%
高野線 汐見橋
42%
平田町
40%
武庫川団地前
40%
西鉄新宮
40%
梅坪
39%
知多新線 富貴
39%
坂本比叡山口
39%
玉ノ井
37%
御所線 尺土
37%
高師浜線 羽衣
37%
多奈川線 みさき公園
37%
鈴鹿線 伊勢若松
35%
信貴線 河内山本
34%
江吉良
33%
羽島線 江吉良
33%
天理線 平端
33%
犬山線 枇杷島分岐点
31%
甘木線 宮の陣
28%
加太線 紀ノ川
25%
No matching quizzes found
Score Distribution
Percent of People with Each Score
Percentile by Number Answered
Your Score History
You have not taken this quiz